000 00305nam a2200109Ia 4500
008 211018s9999 xx 000 0 und d
082 _a005.73
100 _aSrivastava, S. K. / Srivastava, Deepali
245 _aData Structures Through C in Depth
260 _aN. Delhi
_bBPB Publications
_c2018
942 _cZ
999 _c84017
_d84017